The Strutt and Parker IPD lease events review 2009 (Record no. 109870)

MARC details
000 -LEADER
fixed length control field 01094cad a22002295a 4500
001 - CONTROL NUMBER
control field E148073
008 - FIXED-LENGTH DATA ELEMENTS--GENERAL INFORMATION
fixed length control field 090721s2008 xxkad f s 000 0 eng d
035 ## - SYSTEM CONTROL NUMBER
System control number (Sirsi) u148073
041 0# - LANGUAGE CODE
Language code of text/sound track or separate title eng
050 04 - LIBRARY OF CONGRESS CALL NUMBER
Classification number 333.32 $2 22
110 2# - MAIN ENTRY--CORPORATE NAME
Corporate name or jurisdiction name as entry element Strutt & Parker
9 (RLIN) 2509
245 04 - TITLE STATEMENT
Title The Strutt and Parker IPD lease events review 2009
Remainder of title summary
Medium [electronic resource]
260 ## - PUBLICATION, DISTRIBUTION, ETC.
Place of publication, distribution, etc. London
Name of publisher, distributor, etc. Strutt and Parker
Date of publication, distribution, etc. 2009
490 #0 - SERIES STATEMENT
Series statement Strutt and Parker IPD Lease Events Review
520 ## - SUMMARY, ETC.
Summary, etc. Reports that in 2007 the proportion of leases renewed increased from 17% in 2007, to 33% in 2008. The propensity to let to a new tenant increased by 1% on 2007, to 26%, with 41% of units empty at the end of 2008, a lower figure than the end of 2007. The highest void rate was seen in the office sector, with 50% of units empty at year end.
521 ## - TARGET AUDIENCE NOTE
Target audience note Advanced
590 ## - LOCAL NOTE (RLIN)
Local note KA NTK
651 #4 - SUBJECT ADDED ENTRY--GEOGRAPHIC NAME
Geographic name United Kingdom
Chronological subdivision
690 ## - LOCAL SUBJECT ADDED ENTRY--TOPICAL TERM (OCLC, RLIN)
Topical term or geographic name as entry element PROPERTY-COMMERCIAL PROPERTY-COMMERCIAL PROPERTY MARKET
856 40 - ELECTRONIC LOCATION AND ACCESS
Uniform Resource Identifier <a href="https://www.struttandparker.com/">https://www.struttandparker.com/</a>
Public note View this report free of charge at www.struttandparker.com...
942 ## - ADDED ENTRY ELEMENTS (KOHA)
Suppress in OPAC 0
Holdings
Withdrawn status Lost status Source of classification or shelving scheme Damaged status Not for loan Home library Current library Shelving location Date acquired Total Checkouts Full call number Barcode Date last seen Copy number Price effective from Koha item type
    Dewey Decimal Classification     Virtual Virtual Online 21/07/2009   ONLINE PUBLICATION 148073-2001 06/08/2019 1 06/08/2019 Book